Over the horizon time, uncertainty, and the rise of great powers

Saved in:
Bibliographic Details
Main Author: EDELSTEIN, David. M
Format: Book
Language:English
Published: Cornell University Press 2017
Tags: Add Tag
No Tags, Be the first to tag this record!

MARC

LEADER 00000nam a22000007a 4500
008 230725b |||||||| |||| 00| 0 eng d
020 |a 9781301748455 
100 |a EDELSTEIN, David. M 
245 |a Over the horizon   |b  time, uncertainty, and the rise of great powers  |c David M. Edelstein  |g xi, 206 p 
260 |b  Cornell University Press  |c 2017  |h Ithaca, U.S.A.  |i 700097  |i 700098  |l D31.Ed2  |m Great Powers- History  |m World Politics  |m Time perception-Political aspects  |m Uncertainty-Political aspects 
500 |a it includes bibliographical references and index. 
942 |a lcc  |c BK  |e Johnson  |f 25/07/23 
952 |0 0  |1 0  |2 lcc  |4 0  |6 D0031 E D2  |7 0  |9 4293  |a SSL  |b HOL  |c AF  |d 2023-07-25  |l 0  |o D31.Ed2  |p 2023-0220  |r 2023-07-25 00:00:00  |t 700097  |w 2023-07-25  |y BK 
952 |0 0  |1 0  |2 lcc  |4 0  |6 D0031 E D2  |7 0  |9 4294  |a HOL  |b HOL  |c AF  |d 2023-07-25  |l 0  |o D31.Ed2  |p 2023-0221  |r 2023-07-25 00:00:00  |t 700098  |w 2023-07-25  |y BK 
999 |c 2156  |d 2156